| 000 | 01908nam0a2200349 i 4500 | ||
|---|---|---|---|
| 001 | RU\NLR\BIBL_A\010865267 | ||
| 005 | 20241103124724.0 | ||
| 010 |
_a9785946728652 _975 |
||
| 021 |
_aRU _b2015-72215 _94332 |
||
| 035 | _a(NILC)RuMoRGB-008024005 | ||
| 035 | _a(NLR Aleph) 010865267 | ||
| 090 |
_a10441361 _c10441361 |
||
| 100 | _a20151021d2015 um y0rusy50 ca | ||
| 101 | 0 | _arus | |
| 102 | _aRU | ||
| 105 | _aa|||j|||000zy | ||
| 200 | 1 |
_aБиоэтика и основы биобезопасности _eучебное пособие _e[для магистрантов факультета зоотехнии и маркетинга по профилю частная зоотехния, технология производства продуктов животноводства по направлению подготовки 111100.68 "Зоотехния"] _fЛ. В. Цаценко _gМ-во сельского хоз-ва Российской Федерации, ФГБОУ ВПО "Кубанский гос. аграрный ун-т" |
|
| 210 |
_aКраснодар _cКубГАУ _d2015 |
||
| 215 |
_a133 с. _cил. _d20 |
||
| 320 | _aБиблиогр.: с. 132-133 (10 назв.) | ||
| 606 | 1 |
_aГенетическая инженерия _jУчебные издания для высших учебных заведений _xПрименение в сельском хозяйстве _xБиоэтика _92262032 _3RU\NLR\AUTH\6601585983 |
|
| 606 |
_aБиоэтика _jУчебные издания для высших учебных заведений _92067826 _3RU\NLR\AUTH\661242446 |
||
| 675 | _a57 | ||
| 686 | 1 | _aП531я73 | |
| 686 | 1 | _aП130я73 | |
| 686 | 1 | _aЮ701.532я73 | |
| 700 | 1 |
_aЦаценко _bЛ. В. _gЛюдмила Владимировна |
|
| 801 | 0 |
_aRU _bРГБ _c20150921 _gRCR |
|
| 942 | _cBOOK | ||
| 980 | _aNBR | ||